| 000 | 01181nam a2200385 i 4500 | ||
|---|---|---|---|
| 001 | 1706732 | ||
| 003 | CZ PrSKC | ||
| 005 | 20260428090141.0 | ||
| 007 | ta | ||
| 008 | 260420s2026 xr e f 000 0 cze d | ||
| 020 |
_a9788027158935 _cKč 299.00 |
||
| 040 |
_aKLG001 _bcze _erda |
||
| 072 | 7 |
_a159.92 _xVývojová psychologie. Individuální psychologie _2Konspekt |
|
| 080 |
_a005.311.6 _2MRF |
||
| 080 |
_a159.955.5 _2MRF |
||
| 080 |
_a159.923.5 _2MRF |
||
| 080 |
_a159.923.2 _2MRF |
||
| 080 |
_a(035) _2MRF |
||
| 100 | 1 |
_aSladká, Tereza, _d1997- _4aut _920715 |
|
| 245 | 1 | 0 |
_aUmění rozhodnout se : _bjak překonat rozhodovací paralýzu / _cTereza Sladká |
| 250 | _aVydání 1. | ||
| 264 | 1 |
_aPraha : _bGrada, _c2026 |
|
| 300 |
_a187 stran ; _c24 cm |
||
| 490 | 1 | _aPsychologie pro každého | |
| 504 | _aObsahuje bibliografii | ||
| 650 | 0 | 7 |
_arozhodování _2czenas _93186 |
| 650 | 0 | 7 |
_arozvoj osobnosti _2czenas |
| 650 | 0 | 7 |
_asebeřízení _2czenas _98130 |
| 650 | 0 | 7 |
_asebevědomí _2czenas _92662 |
| 650 | 0 | 7 |
_asebedůvěra _2czenas _92663 |
| 655 | 7 |
_apříručky _9106 |
|
| 710 | 2 |
_aGrada (nakladatelství) _4pbl _920714 |
|
| 910 | _aABG508 | ||
| 999 |
_c34221 _d34221 |
||